Statistiques concernant États fédéraux

Cliquez ici pour prendre le quiz!

Statistiques générales

  • Ce quiz a été pris 66 fois
  • Le résultat moyen est 13 sur 27

Statistiques - réponses

Answer % Correct
États-Unis
95%
Russie
90%
Canada
90%
Brésil
87%
Allemagne
84%
Argentine
83%
Australie
79%
Suisse
78%
Mexique
78%
Inde
76%
Belgique
59%
Autriche
56%
Venezuela
48%
Pakistan
41%
Malaisie
35%
Soudan
29%
Émirats arabes unis
29%
Irak
27%
Nigeria
24%
Éthiopie
21%
Micronésie
17%
Somalie
16%
Soudan du Sud
14%
Bosnie-Herzégovine
13%
Comores
5%
Népal
5%
Saint-Christophe-et-Niévès
2%

Distribution des résultats

Percentile by Number Answered

% des personnes avec chaque résultat

Votre développement - résultats

Vous n’avez pas pris ce quiz